000
00349nam a22001457a 4500
005
20251108172908.0
008
250721s9999 xx 000 0 eng d
082
1
4
_a
J/372.21/ WOR
245
1
0
_a
MY WORDS /
264
_b
PARADISE PRESS,
490
0
_a
A TEACHING TRAIN BOOK
650
1
7
_a
PRE SCHOOL EDUCATION
942
_2
ddc
_c
BK
999
_c
91172
_d
91172